Информационно-измерительная техника и технологии: материалы IV Научно-практической конференции, Томск, 15-17 мая 2013 г.

Podrobná bibliografie
Korporace: Национальный исследовательский Томский политехнический университет (ТПУ), Информационно-измерительная техника и технологии научно-практическая конференция
Další autoři: Юрченко А. В. Алексей Васильевич (редактор)
Shrnutí:Заглавие с титульного экрана
Сборник содержит доклады IV Научно-практической конференции "Информационно-измерительная техника и технологии", проходившей в г.Томске в Национальном исследовательском Томский политехническом университете 15-17 мая 2013 года. Предназначен для специалистов, исследователей в сфере приборостроения, контроля и управления качеством, а также по проблемам НИРС в вузах
Jazyk:ruština
angličtina
Vydáno: Томск, Изд-во ТПУ, 2013
Témata:
On-line přístup:http://www.lib.tpu.ru/fulltext/c/2013/C18/C18.pdf
Médium: MixedMaterials Elektronický zdroj Kniha
KOHA link:https://koha.lib.tpu.ru/cgi-bin/koha/opac-detail.pl?biblionumber=241661

MARC

LEADER 00000nlm0a2200000 4500
001 241661
005 20240223064749.0
035 |a (RuTPU)RU\TPU\book\262947 
035 |a RU\TPU\book\256900 
090 |a 241661 
100 |a 20130815d2013 k y0rusy50 ca 
101 0 |a rus  |a eng 
102 |a RU 
105 |a a z 101zy 
135 |a drcn ---uucaa 
181 0 |a i  
182 0 |a b 
200 1 |a Информационно-измерительная техника и технологии  |e материалы IV Научно-практической конференции, Томск, 15-17 мая 2013 г.  |f Национальный исследовательский Томский политехнический университет (ТПУ) ; под ред. А. В. Юрченко 
203 |a Текст  |c электронный 
210 |a Томск  |c Изд-во ТПУ  |d 2013 
300 |a Заглавие с титульного экрана 
330 |a Сборник содержит доклады IV Научно-практической конференции "Информационно-измерительная техника и технологии", проходившей в г.Томске в Национальном исследовательском Томский политехническом университете 15-17 мая 2013 года. Предназначен для специалистов, исследователей в сфере приборостроения, контроля и управления качеством, а также по проблемам НИРС в вузах 
337 |a Adobe Reader 
606 1 |a Информационно-измерительная техника  |2 stltpush  |3 (RuTPU)RU\TPU\subj\12913  |9 39613 
610 1 |a электронный ресурс 
610 1 |a конференции 
610 1 |a труды учёных ТПУ 
610 1 |a измерения 
610 1 |a измерительные преобразователи 
610 1 |a средства измерений 
610 1 |a информационные технологии 
610 1 |a измерительные приборы 
610 1 |a инновационные технологии 
610 1 |a радиофизика 
610 1 |a СВЧ 
610 1 |a полупроводниковая электроника 
610 1 |a информационно-измерительная техника 
610 1 |a неразрушающий контроль 
610 1 |a НИРС 
675 |a 621.391.08(063)  |v 3 
702 1 |a Юрченко  |b А. В.  |c физик  |c профессор Томского политехнического университета, доктор технических наук  |f 1974-  |g Алексей Васильевич  |y Томск  |3 (RuTPU)RU\TPU\pers\25599  |4 340  |9 11528 
712 0 2 |a Национальный исследовательский Томский политехнический университет (ТПУ)  |c (2009- )  |3 (RuTPU)RU\TPU\col\15902 
712 1 2 |a Информационно-измерительная техника и технологии  |b научно-практическая конференция  |d 4  |e Томск  |f 2013 
801 2 |a RU  |b 63413507  |c 20131018  |g RCR 
856 4 |u http://www.lib.tpu.ru/fulltext/c/2013/C18/C18.pdf 
942 |c CF